| 000 | 01706nam a2200457Ii 4500 | ||
|---|---|---|---|
| 001 | DIGIBE0402 | ||
| 003 | NyNyDIG | ||
| 006 | m o d | ||
| 007 | cr ||||||||||| | ||
| 008 | 130201s2001 sp a ob 000 0 spa d | ||
| 020 |
_a9783865278012 _q(eBook) |
||
| 020 |
_z9788484890218 _q(Iberoamericana) |
||
| 020 |
_z848489021X _q(Iberoamericana) |
||
| 020 |
_z9780945179184 _q(Vervuert) |
||
| 020 |
_z3893546066 _q(Vervuert) |
||
| 035 | _a(OCoLC)682159358 | ||
| 040 |
_aDGITA _beng _epn _cDGITA |
||
| 043 | _acl----- | ||
| 050 | 1 | 4 | _aPQ7081 eBook |
| 100 | 1 | _aSantos, Lidia. | |
| 245 | 1 | 0 |
_aKitsch tropical : _blos medios en la literatura y el arte de América Latina / _cLidia Santos. |
| 264 | 1 |
_aMadrid : _bIberoamericana ; _aFrankfurt am Main : _bVervuert, _c2001. |
|
| 300 |
_a1 online resource (235 pages) : _bill. |
||
| 336 |
_atext _btxt _2rdacontent |
||
| 337 |
_acomputer _bc _2rdamedia |
||
| 338 |
_aonline resource _bcr _2rdacarrier |
||
| 490 | 1 |
_aColección Nexos y diferencias ; _v2. |
|
| 504 | _aIncludes bibliographical references (p. [213]-228). | ||
| 650 | 0 |
_aLatin American literature _y20th century _xHistory and criticism. |
|
| 650 | 0 |
_aArts, Latin American _y20th century. |
|
| 650 | 0 |
_aMass media and the arts _zLatin America. |
|
| 650 | 0 |
_aKitsch _zLatin America. |
|
| 650 | 0 |
_aPopular culture _zLatin America. |
|
| 655 | 0 | _aElectronic books. | |
| 791 | 2 |
_aDigitalia (Firm), _edistributor. |
|
| 830 | 0 |
_aColección Nexos y diferencias ; _vno. 2. |
|
| 793 | 0 |
_gDigitalia eBook Collection: _aIberoamericana/Vervuert. |
|
| 856 | 4 | 0 |
_3Digitalia Hispánica _uhttps://www.digitaliapublishing.com/a/17702/ |
| 910 | _aPremium Collection: 2007-2012 | ||
| 942 | _cRAA | ||
| 999 |
_c235521 _d235521 |
||